ბათუმის შოთა რუსთაველის სახელმწიფო უნივერსიტეტის ბიბლიოთეკა

Innovative economics and management=ინოვაციური ეკონომიკა და მართვა (ბიბ.ჩანაწერი № 58789)

000 -LEADER
fixed length control field 00605nam a22001577a 4500
005 - DATE AND TIME OF LATEST TRANSACTION
control field 20220805110222.0
008 - FIXED-LENGTH DATA ELEMENTS--GENERAL INFORMATION
fixed length control field 220805u2021 ge ||||| |||| 00| 0 geo d
020 ## - INTERNATIONAL STANDARD BOOK NUMBER
Qualifying information 9772449241009
041 ## - LANGUAGE CODE
Language code of text/sound track or separate title geo
245 ## - TITLE STATEMENT
Title Innovative economics and management=ინოვაციური ეკონომიკა და მართვა
Statement of responsibility, etc. მთ. რედ. ბ. გეჩბაია.
260 ## - PUBLICATION, DISTRIBUTION, ETC.
Place of publication, distribution, etc. ბათუმი,
Date of publication, distribution, etc. 2021.
300 ## - PHYSICAL DESCRIPTION
Extent V.
653 ## - INDEX TERM--UNCONTROLLED
Uncontrolled term ეკონომიკა
700 ## - ADDED ENTRY--PERSONAL NAME
Personal name გეჩბაია, ბ.
Relator term მთავარი რედაქტორი
9 (RLIN) 10764
942 ## - ADDED ENTRY ELEMENTS (KOHA)
Source of classification or shelving scheme
Koha item type პერიოდიკა

არაა ხელმისაწვდომი ეგზემპლარები.